000 00309nam a22001337a 4500
008 171106b xxu||||| |||| 00| 0 eng d
020 _a9780078113505
041 _aeng
080 _a330.722.6
100 _a62
101 _aKON
245 _aPRINCIPLES OF FINANCIAL ACCOUNTING
_cPHILLIPS
942 _2udc
_cBK
999 _c37908
_d37908